000 00386nam a2200145Ia 4500
008 180315s9999||||xx |||||||||||||| ||und||
082 _aQZ 4
_bKUM
100 _aKumar,Vinay.
245 0 _aRobbins and Cotran Pathologic Basis of Disease
_cKumar,Vinay.
250 _a7th
260 _aPhiladelphia
_bSaunders Company
_c2008
300 _a1525
650 _aPathalogy_Diseases
942 _cBK
999 _c5763
_d5763